000 00841nam a2200253 a 4500
001 000023204
005 20200930022045.0
008 101130s1972 sp r 000 0 spa d
040 _aDO-SdBNP
_bspa
_cBNPHU
082 _a891.73
_bG613t
100 1 _aGogol, Kikolai
_947767
245 1 0 _aTarás bulba /
_cNikolai Gogol ; traducción Silvano Imaz , J. M. Rodríguez Méndez.
260 _aBarcelona, España :
_bCREDSA,
_c1972.
300 _a466 p. ;
_c18 cm.
490 1 _aGigantes de la literatura universal
500 _aIncluye notas al pie de las páginas.
650 4 _aNovela rusa
_94742
650 4 _aLiteratura rusa
_94743
700 1 _aImaz, Silvano,
_etr.
_947768
700 1 _aRodríguez Méndez, J. M.,
_etr.
_947769
740 4 _aLas almas muertas
830 0 _aGigantes de la literatura universal
_947770
049 _aBNGR
999 _c22701
_d22701